000 00687nam a2200241Ia 4500
003 OSt
005 20220925204102.0
006 a|||||r|||| 00| 0
007 ta
008 220923b |||||||| |||| 00| 0 eng d
037 _cGeneral Book
040 _aRTL
_cRTL
_beng
041 _2eng
_aeng
082 _aX:54n1,N52, N0.2/UN
110 _aGeneral Agrement on Tariffs and Trade
_9267712
245 0 _aInternational trade
260 _aGeneva
_bGatt
_c1990
300 _a73p
_ccm.
650 _aForeign Trade
700 _aGeneral Agrement on Tariffs and Trade
_9267713
942 _hX:54n1,N52, N0.2/UN
_cGB
_2CC
999 _c548503
_d548503